مكتبة جامعة عجلون الوطنية

فهرس بحث المكتبة

اثر التحول الرقمي على الأرباح في البنوك التجارية الأردنية = The Impact of Digital Transformation on Profits in Jordanian Commercial Banks / (Record no. 33895)

MARC details
000 -LEADER
fixed length control field 01113nam a22002057a 4500
003 - CONTROL NUMBER IDENTIFIER
control field JO-AjAnu
005 - DATE AND TIME OF LATEST TRANSACTION
control field 20250317092944.0
008 - FIXED-LENGTH DATA ELEMENTS--GENERAL INFORMATION
fixed length control field 250315b jo ||||| |||| 00| 0 ara d
040 ## - CATALOGING SOURCE
Original cataloging agency JO-AjAnu
Language of cataloging ara
Transcribing agency JO-AjAnu
Modifying agency JO-AjAnu
Description conventions rda
041 ## - LANGUAGE CODE
Language code of text/sound track or separate title ara
Language code of original ara
050 ## - LIBRARY OF CONGRESS CALL NUMBER
Classification number HG1708.7
Item number 2025
100 #1 - MAIN ENTRY--PERSONAL NAME
Personal name الطويق، رنا محمد سليمان
Relator term معد
9 (RLIN) 66508
245 #0 - TITLE STATEMENT
Title اثر التحول الرقمي على الأرباح في البنوك التجارية الأردنية = The Impact of Digital Transformation on Profits in Jordanian Commercial Banks /
Statement of responsibility, etc. اعداد رنا محمد سليمان الطويق ؛ اشراف مأمون محمد القضاة
260 ## - PUBLICATION, DISTRIBUTION, ETC.
Date of publication, distribution, etc. 2025
300 ## - PHYSICAL DESCRIPTION
Extent 96 ورقة
504 ## - BIBLIOGRAPHY, ETC. NOTE
Bibliography, etc. note رسالة جامعية ( رسالة ماجستير في المحاسبة) - جامعة عجلون الوطنية، (عجلون، الاردن) - كلية الاعمال، قسم المحاسبة، 2025.
650 #0 - SUBJECT ADDED ENTRY--TOPICAL TERM
Topical term or geographic name entry element البنوك - التحول الرقمي - محاسبة -الاردن.
9 (RLIN) 66509
700 #1 - ADDED ENTRY--PERSONAL NAME
Personal name القضاة، مأمون محمد
9 (RLIN) 65625
Relator term مشرف
942 ## - ADDED ENTRY ELEMENTS (KOHA)
Source of classification or shelving scheme Library of Congress Classification
Koha item type Thesis
Suppress in OPAC No
Holdings
Withdrawn status Lost status Source of classification or shelving scheme Damaged status Not for loan Home library Current library Date acquired Total Checkouts Full call number Barcode Date last seen Price effective from Koha item type
    Library of Congress Classification     مكتبة جامعة عجلون الوطنية مكتبة جامعة عجلون الوطنية 15/03/2025   HG1708.7 2025 a30191 15/03/2025 15/03/2025 Thesis
    Library of Congress Classification     مكتبة جامعة عجلون الوطنية مكتبة جامعة عجلون الوطنية 15/03/2025   HG1708.7 2025 a30190 15/03/2025 15/03/2025 Thesis